|
|
|
|
| LEADER |
01487nam a2200361Ia 4500 |
| 001 |
EBC647726 |
| 003 |
MiAaPQ |
| 005 |
20200520144314.0 |
| 006 |
m o d | |
| 007 |
cr cn||||||||| |
| 008 |
100805s2010 enka sb 000 0 eng d |
| 020 |
|
|
|z 9780857244536
|
| 020 |
|
|
|a 9780857244543 (electronic bk.)
|
| 035 |
|
|
|a (MiAaPQ)EBC647726
|
| 035 |
|
|
|a (Au-PeEL)EBL647726
|
| 035 |
|
|
|a (CaPaEBR)ebr10440350
|
| 035 |
|
|
|a (CaONFJC)MIL296407
|
| 035 |
|
|
|a (OCoLC)743202088
|
| 040 |
|
|
|a MiAaPQ
|c MiAaPQ
|d MiAaPQ
|
| 050 |
|
4 |
|a HD5650
|b .A3811 2010
|
| 245 |
0 |
0 |
|a Advances in the economic analysis of participatory and labor-managed firms.
|n Volume 11
|h [electronic resource] /
|c edited by Tor Eriksson.
|
| 260 |
|
|
|a [Bingley, UK] :
|b Emerald,
|c 2010.
|
| 300 |
|
|
|a xv, 253 p. :
|b ill.
|
| 490 |
1 |
|
|a Advances in the economic analysis of participatory and labor-managed firms ;
|v vol. 11
|
| 504 |
|
|
|a Includes bibliographical references.
|
| 533 |
|
|
|a Electronic reproduction. Ann Arbor, MI : ProQuest, 2015. Available via World Wide Web. Access may be limited to ProQuest affiliated libraries.
|
| 650 |
|
0 |
|a Management
|x Employee participation.
|
| 650 |
|
0 |
|a Employee empowerment.
|
| 655 |
|
4 |
|a Electronic books.
|
| 700 |
1 |
|
|a Eriksson, Tor,
|d 1952-
|
| 710 |
2 |
|
|a ProQuest (Firm)
|
| 830 |
|
0 |
|a Advances in the economic analysis of participatory and labor-managed firms ;
|v vol. 11.
|
| 856 |
4 |
0 |
|u https://ebookcentral.proquest.com/lib/matrademy/detail.action?docID=647726
|z Click to View
|